[Event "Rottach Egern Seniors Cup 12th"]
[Site "Rottach Egern"]
[Date "2024.04.06"]
[Round "1"]
[White "Willin, Bernhard"]
[Black "Walther, Renate"]
[Result "1-0"]
[WhiteElo "1910"]
[BlackElo "1542"]
[PlyCount "81"]
[EventDate "2024.04.06"]
[EventType "swiss"]
[EventRounds "9"]
[EventCountry "GER"]
[SourceTitle "CB16_2024"]
[SourceDate "2024.04.17"]
[SourceVersion "1"]
[SourceVersionDate "2024.04.17"]
[SourceQuality "1"]

1. d4 d5 2. c4 Bf5 3. Nf3 e6 4. e3 Nc6 5. a3 Nf6 6. Nbd2 a5 7. b3 Be7 8. Be2 0-0 9. Nh4 Bg6 10. Nxg6 fxg6 11. Bb2 Ne4 12. Nxe4 dxe4 13. 0-0 Bf6 14. Qc2 Qd7 15. Qxe4 Rab8 16. Bg4 Rbe8 17. Qc2 Qf7 18. Bf3 Nd8 19. Rad1 c6 20. c5 Qc7 21. Qc4 Nf7 22. Bc3 Ng5 23. Bg4 h5 24. Be2 Ne4 25. Be1 Bg5 26. Qd3 Nf6 27. Qxg6 Ng4 28. Bxg4 hxg4 29. Qxg5 Kf7 30. Qxg4 Rh8 31. f4 Kg8 32. Rf3 Qe7 33. Bxa5 Qd7 34. Rh3 Rxh3 35. Qxh3 Qd5 36. Bc7 Qxb3 37. Rf1 Qd3 38. Be5 Qf5 39. Qxf5 exf5 40. Rb1 Rb8 41. Bxb8 1-0

[Event "Rottach Egern Seniors Cup 9th"]
[Site "Rottach Egern"]
[Date "2021.10.27"]
[Round "6"]
[White "Willin, Bernhard"]
[Black "Schmitz, Andreas Arnold"]
[Result "0-1"]
[WhiteElo "1884"]
[BlackElo "2013"]
[PlyCount "76"]
[EventDate "2021.10.22"]
[EventType "swiss"]
[EventRounds "7"]
[EventCountry "GER"]
[SourceTitle "CBM 204 Extra"]
[Source "ChessBase"]
[SourceDate "2021.11.30"]
[SourceVersion "1"]
[SourceVersionDate "2021.11.30"]
[SourceQuality "1"]

1. e4 e6 2. d4 d5 3. Nd2 Nf6 4. Bd3 c5 5. c3 Nc6 6. e5 Nd7 7. Ne2 cxd4 8. cxd4 Qb6 9. Nf3 f6 10. exf6 Nxf6 11. Ne5 Bb4+ 12. Kf1 Nxe5 13. dxe5 Ng4 14. Nd4 Nxe5 15. Qh5+ Nf7 16. Nb3 g6 17. Qe2 0-0 18. h4 e5 19. Be3 Qf6 20. Rd1 d4 21. Bc1 Kh8 22. a3 Bd6 23. Nd2 Qg7 24. Ne4 Be7 25. g4 Nh6 26. Bxh6 Qxh6 27. g5 Qh5 28. Qxh5 gxh5 29. Ng3 Bg4 30. Be2 Rf3 31. Rh2 Rb3 32. Rd2 d3 33. Bxg4 hxg4 34. Nf5 Bc5 35. Ne3 g3 36. Rg2 gxf2 37. Nd1 Rf8 38. Nxf2 Be3 0-1

[Event "Berlin-ch Seniors op 36th"]
[Site "Berlin"]
[Date "2020.01.30"]
[Round "3.12"]
[White "Szenetra, Werner"]
[Black "Willin, Bernhard"]
[Result "1-0"]
[WhiteElo "2221"]
[BlackElo "1878"]
[PlyCount "109"]
[EventDate "2020.01.28"]
[EventType "swiss"]
[EventRounds "9"]
[EventCountry "GER"]
[SourceTitle "EXT 2024"]
[Source "ChessBase"]
[SourceDate "2023.10.10"]
[SourceVersion "1"]
[SourceVersionDate "2023.10.10"]
[SourceQuality "1"]

1. Nf3 Nf6 2. d3 d6 3. g3 g6 4. Bg2 Bg7 5. 0-0 0-0 6. e4 e5 7. a4 Nbd7 8. Nbd2 Re8 9. Nc4 Nf8 10. c3 h6 11. Re1 Be6 12. h3 Bxc4 13. dxc4 Ne6 14. Qc2 Qe7 15. Be3 b6 16. a5 Qd7 17. b4 Qc6 18. Nd2 Nd7 19. f4 Nef8 20. f5 g5 21. b5 Qb7 22. a6 Qc8 23. Qd3 Nf6 24. g4 N8h7 25. Bf3 Qd8 26. Rad1 Kf8 27. Nb1 Ng8 28. Na3 Ne7 29. Nc2 Qd7 30. c5 bxc5 31. Bxc5 Qc8 32. Bf2 Bf6 33. c4 Kg7 34. Nb4 Nf8 35. c5 Rd8 36. c6 Nh7 37. Be2 Rf8 38. Qf3 Qb8 39. Be3 Rh8 40. Qf2 Rf8 41. Bc4 Rh8 42. Kf1 Nf8 43. Qd2 Nh7 44. Ke2 Qg8 45. Rh1 Kf8 46. Kd3 Qg7 47. Qf2 Nc8 48. Rdf1 Bd8 49. h4 Nb6 50. Bxb6 axb6 51. hxg5 Bxg5 52. f6 Nxf6 53. Nd5 Nxd5 54. Bxd5 Qg6 55. Qxf7+ 1-0

[Event "MVP-ch Seniors op 19th"]
[Site "Ostseebad Binz"]
[Date "2019.11.30"]
[Round "4"]
[White "Graffenberger, Wilhelm"]
[Black "Willin, Bernhard"]
[Result "0-1"]
[WhiteElo "1521"]
[BlackElo "1887"]
[PlyCount "44"]
[EventDate "2019.11.27"]
[EventType "swiss"]
[EventRounds "9"]
[EventCountry "GER"]
[SourceTitle "EXT 2021"]
[Source "ChessBase"]
[SourceDate "2020.10.23"]
[SourceVersion "1"]
[SourceVersionDate "2020.10.23"]
[SourceQuality "1"]

1. d4 g6 2. Nf3 d5 3. Bf4 Bg7 4. e3 Nf6 5. Be2 0-0 6. 0-0 c6 7. Nbd2 Nbd7 8. c4 Re8 9. c5 Nh5 10. Bg3 Nxg3 11. fxg3 e5 12. dxe5 Nxc5 13. Rc1 Nd7 14. Nd4 Nxe5 15. N2f3 Ng4 16. Nc2 Nxe3 17. Qd3 Nxf1 18. Rxf1 Qb6+ 19. Nfd4 c5 20. Qb5 Qxb5 21. Bxb5 Re7 22. Nf3 a6 0-1

[Event "Bad Wiessee Senioren Cup 8th"]
[Site "Bad Wiessee"]
[Date "2019.05.17"]
[Round "7"]
[White "Stern, Geoffrey"]
[Black "Willin, Bernhard"]
[Result "1/2-1/2"]
[WhiteElo "2015"]
[BlackElo "1873"]
[PlyCount "37"]
[EventDate "2019.05.11"]
[EventType "swiss"]
[EventRounds "9"]
[EventCountry "GER"]
[SourceTitle "EXT 2020"]
[Source "ChessBase"]
[SourceDate "2019.10.17"]
[SourceVersion "1"]
[SourceVersionDate "2019.10.17"]
[SourceQuality "1"]

1. d4 Nf6 2. Nc3 e6 3. Nf3 Bb4 4. Bg5 h6 5. Bxf6 Qxf6 6. Qd3 d6 7. e4 c6 8. a3 Ba5 9. e5 Bxc3+ 10. Qxc3 Qe7 11. Be2 Nd7 12. d5 exd5 13. exd6 Qf6 14. Qe3+ Kf8 15. 0-0-0 Qxd6 16. g4 Nf6 17. g5 hxg5 18. Nxg5 Bf5 19. h4 1/2-1/2

[Event "MVP-ch Seniors op 18th"]
[Site "Ostseebad Binz"]
[Date "2018.12.02"]
[Round "5"]
[White "Giering, Gregor"]
[Black "Willin, Bernhard"]
[Result "0-1"]
[WhiteElo "1830"]
[BlackElo "1969"]
[PlyCount "100"]
[EventDate "2018.11.28"]
[EventType "swiss"]
[EventRounds "9"]
[EventCountry "GER"]
[SourceTitle "CBM 188 Extra"]
[Source "ChessBase"]
[SourceDate "2019.02.26"]
[SourceVersion "1"]
[SourceVersionDate "2019.02.26"]
[SourceQuality "1"]

1. b3 d5 2. Bb2 Bf5 3. Nf3 e6 4. e3 h6 5. Be2 Nf6 6. 0-0 Nbd7 7. d3 Be7 8. Nbd2 0-0 9. Rb1 c6 10. Ne5 Nxe5 11. Bxe5 Bd6 12. f4 Bxe5 13. fxe5 Nd7 14. Nf3 f6 15. exf6 Qxf6 16. Nd4 Qe7 17. Nxf5 exf5 18. Qd2 Rae8 19. Rf3 d4 20. Rh3 dxe3 21. Qc3 Qe5 22. Qb2 f4 23. Rh5 Qd6 24. Rf1 Re5 25. d4 Rxh5 26. Bxh5 b5 27. c3 a5 28. Qe2 Nb6 29. Qg4 Nd5 30. g3 g5 31. gxf4 Rxf4 32. Rxf4 Nxf4 33. Qc8+ Qf8 34. Qxf8+ Kxf8 35. Bf3 Ke7 36. Bxc6 Ne2+ 37. Kf1 Nxc3 38. a3 b4 39. axb4 axb4 40. Bf3 Kf6 41. h3 Kf5 42. Ke1 Kf4 43. Bh1 h5 44. Kf1 g4 45. hxg4 hxg4 46. Bc6 Ne4 47. d5 Nd2+ 48. Ke2 Nxb3 49. Be8 Nd4+ 50. Ke1 Ke5 0-1

[Event "GER-ch Seniors 65"]
[Site "Hamburg"]
[Date "2018.07.25"]
[Round "5"]
[White "Schulz, Gerhard1111"]
[Black "Willin, Bernhard"]
[Result "1/2-1/2"]
[WhiteElo "1835"]
[BlackElo "1990"]
[PlyCount "40"]
[EventDate "2018.07.21"]
[EventType "swiss"]
[EventRounds "9"]
[EventCountry "GER"]
[SourceTitle "CBM 186 Extra"]
[Source "ChessBase"]
[SourceDate "2018.08.24"]
[SourceVersion "1"]
[SourceVersionDate "2018.08.24"]
[SourceQuality "1"]

1. d4 d5 2. Nf3 Nf6 3. e3 Bf5 4. Bd3 Bxd3 5. cxd3 e6 6. 0-0 Be7 7. Nc3 0-0 8. e4 c5 9. e5 Ne8 10. Be3 Nc6 11. Ne2 Qc7 12. dxc5 Nxe5 13. Nxe5 Qxe5 14. d4 Qc7 15. Qd2 Qc6 16. b4 Nc7 17. a4 a6 18. Bf4 Rfc8 19. Bxc7 Qxc7 20. f4 g6 1/2-1/2

[Event "Berlin-ch Seniors op 34th"]
[Site "Berlin"]
[Date "2018.02.02"]
[Round "4"]
[White "Kothe, Manfred"]
[Black "Willin, Bernhard"]
[Result "0-1"]
[WhiteElo "1826"]
[BlackElo "1958"]
[PlyCount "128"]
[EventDate "2018.01.30"]
[EventType "swiss"]
[EventRounds "9"]
[EventCountry "GER"]
[SourceTitle "EXT 2020"]
[Source "ChessBase"]
[SourceDate "2019.10.17"]
[SourceVersion "1"]
[SourceVersionDate "2019.10.17"]
[SourceQuality "1"]

1. e4 c5 2. Nf3 e6 3. d4 cxd4 4. Nxd4 a6 5. Nc3 d6 6. Be3 b5 7. a3 Bb7 8. Bd3 Nf6 9. Qe2 Nbd7 10. 0-0 Nc5 11. f3 Be7 12. b4 Nxd3 13. cxd3 Rc8 14. Rac1 0-0 15. Rc2 Nd7 16. Rfc1 Bf6 17. f4 g6 18. Nf3 Qe7 19. Nd1 Rxc2 20. Rxc2 Qd8 21. Nf2 Qb8 22. Ng4 Bg7 23. Qd1 Rc8 24. Qc1 Rxc2 25. Qxc2 Qc8 26. Qxc8+ Bxc8 27. Bc1 Bc3 28. Ne3 Bb7 29. Nd1 Bf6 30. Bb2 Be7 31. Kf2 d5 32. exd5 Bxd5 33. Ne3 Bb7 34. Ne5 Nb6 35. Nf3 h5 36. g3 Na4 37. Ba1 a5 38. Nc2 axb4 39. axb4 Nb6 40. Bc3 Nd5 41. Bd2 Bc6 42. Nfd4 Bd7 43. Nf3 f6 44. Nfd4 Kf7 45. Nb3 e5 46. fxe5 fxe5 47. Nc5 Bc6 48. h4 Nf6 49. Ne3 Nd7 50. Nxd7 Bxd7 51. Nd5 Bd8 52. Nc3 Ke6 53. Ne4 Be7 54. Ke3 Kf5 55. Kf2 Bc6 56. Ng5 Bd5 57. Nf3 Bd6 58. Bc3 Bc7 59. Ke2 Bc6 60. Bb2 Be8 61. Bc3 e4 62. dxe4+ Kxe4 63. Be1 Bd7 64. Ng5+ Kd4 0-1

[Event "Berlin-ch Seniors op 33rd"]
[Site "Berlin"]
[Date "2017.02.07"]
[Round "7"]
[White "Willin, Bernhard"]
[Black "Wahner, Eberhard"]
[Result "1-0"]
[WhiteElo "1959"]
[BlackElo "1512"]
[PlyCount "41"]
[EventDate "2017.01.31"]
[EventType "swiss"]
[EventRounds "9"]
[EventCountry "GER"]
[SourceTitle "EXT 2019"]
[Source "ChessBase"]
[SourceDate "2018.10.10"]
[SourceVersion "1"]
[SourceVersionDate "2018.10.10"]
[SourceQuality "1"]

1. d4 Nf6 2. Nf3 e6 3. Bg5 Be7 4. Nbd2 d5 5. e3 0-0 6. Bd3 b6 7. c3 Nbd7 8. Qb1 h6 9. h4 Bb7 10. Bxf6 Nxf6 11. Ng5 Ne4 12. Ndxe4 dxe4 13. Bxe4 Bxe4 14. Qxe4 Bxg5 15. hxg5 Qxg5 16. 0-0-0 a5 17. g4 Qd5 18. Qc2 b5 19. Rdg1 f6 20. Rxh6 Qg5 21. Rh5 1-0